000 00458nam a2200181Ia 4500
005 20240827100723.0
008 131103s9999 xx 000 0 und d
040 _aLoreto College
041 _aEnglish
082 _a891.43
_bAGA
100 _aAgrawal, Kailashchandra
245 _aAdhunik hindi vyakaran tatha rachana
_cKailashchandra Agrawal
260 _aAgra
_bRanjan
_c1984
300 _a236p.
650 _aHindi
850 _aLCBED
942 _cBK
999 _c35294
_d85773